000 01040nam a2200241Ia 4500
999 _c39233
_d39233
001 5819
003 GE_BSU
005 20190610152928.0
008 181216s1976||||ge |||||||||||||| ||geo||
040 _cGE_BSU
041 _aGEO
080 _a744 : 621(075.8) ლ-29
100 _aლაფერაშვილი, მ.
_92323
245 _aსამანქანათმშენებლო ხაზვა :
_bსახელმძღვ. /
_cმ. ლაფერაშვილი, ი.მალუნცევი ; რედ. ი. გოგუაძე.
264 _aთბილისი ;
_bგანათლება,
_c1976.
300 _a192 ვგ. :
_bილ. ;
_c30 სმ.
504 _aბიბლიოგრ. : გვ.191.
653 _aსამანქანათმშენებლო ხაზვა
653 _aხაზვა
700 _aმალუნცევი, ი.
_eავტორი
_92324
700 _aგოგუაძე, ი.
_eრედაქტორი
_92325
942 _cBK
_2udc